000 01100nam a2200301 a 4500
001 BRL_1525
005 20190320211240.0
008 170214s1979----mx-ao#####---#000-0#spa-#
041 _aspa
044 _amx
050 4 _aF1391
_b.B59 1979
100 1 _aBlom, Gertrude Duby
_c1901-1993
_926563
245 1 0 _aLa familia de Na-Bolom
_cpor Gertrude Duby Blom.
260 _aMonterrey, México
_bFondo Nacional para Actividades Sociales : Gobierno del Estado de Nuevo León
_c1979
300 _av.
_bil.
_c21 cm.
440 0 _aCuadernos de Asuntos Culturales. Serie antropología
_v1
_927170
500 _aAu1695
500 _aIncluye dedicatoria a Ruth Lechuga
610 2 4 _aNa-Bolom
_927171
650 1 4 _aIndígenas del Sur de México
_927172
650 1 4 _aTzotziles
_910531
650 1 4 _aLacandones
_923920
651 4 _aSan Cristóbal de Las Casas (Chiapas)
_xCondiciones sociales
_927173
651 4 _aSelva Lacandona (México)
_xExploraciones
_927174
710 2 _aGobierno del Estado de Nuevo León
_bSecretaria de Servicios Sociales y Culturales
_927175
902 _aGRL
942 _2lcc
_cB
999 _c10334
_d10334